Trouver le pays par sa description de drapeau 2 - Statistiques

Statistiques générales
  • Ce quiz a été pris 208 fois
  • Le résultat moyen est 6 sur 10
Statistiques - réponses
Description Pays % Correct
Un drapeau avec du bordeaux et du blanc que l'on peut confondre avec le Bahreïn Qatar
83%
Sur un fond blanc, une croix bleue Finlande
77%
2 bandes verticales, une verte et une blanche au centre un croissant et une etoile rouge Algerie
76%
Sur un fond jaune et orange, un dragon blanc Bhoutan
76%
Sur un fond bleu, une étoile blanche Somalie
71%
1 bande horizontale rouge, une autre noire et une blanche se trouvant au centre un aigle dore Egypte
59%
2 bandes horizontales bleues et une blanche où se trouve au centre, 5 étoiles bleues Honduras
57%
Un cadre rouge avec un fond vert au centre un croissant blanc Maldives
48%
Sur un fond bleu un soleil jaune avec une bande jaune à sa gauche Kazakhstan
42%
2 bandes verticales, une verte et une rouge au centre une sorte de sphere Portugal
40%
Aucun quiz correspondant
Distribution des résultats
% des personnes avec chaque résultat
Percentile par nombre de réponses
Votre historique - résultats
Vous n’avez pas pris ce quiz